000 00777nam a2200229Ia 4500
001 9535
003 GE_BSU
008 181216s||||||||xx |||||||||||||| ||und||
040 _cGE_BSU
080 _a82-93:821.353.1-1
100 _aმარიჯან
245 _aრჩეული
245 _bლექსები და მოთხრობები საკოლო ასაკის ბავშვ.
245 _cრედ.ა.კიკვიძე.მხატვ.ვ.მჭედლიშვილი
260 _aთბილისი
260 _bნაკადული
260 _c1973
300 _a445გვ.20სმ.
653 _aლექსები და მოთხრობები
653 _aრჩეული
942 _cBK
999 _c42829
_d42829